000 00844nam a2200241Ia 4500
005 20251205113217.0
008 210716s1995 xx 000 0 und d
020 _a8120309219
040 _cAIMIT LIBRARY
041 _aeng
082 _a006.35
_21
_bBHAA
100 _aBharati, Akshar.
_9247790
245 _aNatural language processing :
_bpaninian perspective /
_cBy Akshar Bharati, Vineet Chaitanya and Rajeev Sangal.
250 _a1st ed .
260 _aNew Delhi :
_bPrentice Hall of India PVt Ltd ,
_c1995.
300 _axviii,219p. ;
_bPB
_c23.1 cm
650 _aLanguage structure and language analyzer
_9247791
650 _aWord and their analyzer
_9247792
650 _aLexical functional grammar
_9247793
700 _aChaitanya, Vineet.
_9247794
700 _aSangal, Rajeev.
_9247795
942 _2ddc
_cBK
_e1st
_k006.35 BHAA
999 _c183069
_d183069